000 00995nam a2200229 4500
001 190501
003 ES-MaACL
005 20230906223747.0
008 210420s1984 sp c 010 0dspa
080 _a75:929(460)"19"
245 0 0 _aHomenaje a los pintores de la Real Academia de Bellas Artes de San Fernando:
_b[Galería de Arte Alfama, noviembre 1984 : exposición inaugural].
260 _aMadrid :
_bGalería Alfama,
_c[1984]
300 _a[44] p. :
_bretr. ;
_c27 cm.
505 8 _aContiene: Luis Mosquera. Enrique Segura. J. Antonio Morales. J. Vaquero Palacios. H. Hidalgo de Caviedes. Álvaro Delgado. Genaro Lahuerta. Francisco Lozano. Luis García-Ochoa. José Vela Zanetti
650 7 _aPintores-
_zEspaña-
_yS.XX.
_9171362
655 7 _2tgfbne
_9193628
_aCatálogos de exposiciones
710 2 _aReal Academia de Bellas Artes de San Fernando.
_96291
710 2 _aGalería Alfama.
_9171363
852 4 _aES-MaACL
_j2342-F-23
942 _2udc
999 _c190501
_d190501